000
00504nam a2200181Ia 4500
008
090123s9999 xx 000 0 und d
082
_b
38239
100
_a
दिवाण वृंदा
245
_a
स्वीकार
250
_a
1
260
_b
अमोल प्रकाशन
_c
2005
300
_a
152
600
_a
दिवाण वृंदा
630
_a
स्वीकार
700
_a
दिवाण वृंदा
730
_a
स्वीकार
942
_c
BOOK
999
_c
76309
_d
76309